| 000 | 00375nam a2200157Ia 4500 | ||
|---|---|---|---|
| 003 | LK-CoDNM | ||
| 008 | 010623t1919 xxu||||| |||| 00| 1 eng d | ||
| 040 |
_aLK-CoDNM _dLK-CoDNM _eLK-CoDNM |
||
| 041 |
_aeng _asin |
||
| 080 |
_a50 _bC8 |
||
| 100 | _aCooray,John.F. | ||
| 245 | _aCooray's monthly Review | ||
| 260 |
_bAuther _aGalle _c1919 |
||
| 300 | _b9P., 20 cm | ||
| 942 | _cBK | ||
| 999 |
_c89651 _d89651 |
||